Breves consideraciones relativas a las denuncias extemporáneas, en materia de faltas, en el ámbito de la jurisdicción militar (Registro nro. 24281)

Detalles MARC
000 -LEADER
fixed length control field 00399 a2200109 4500
001 - CONTROL NUMBER
control field ART_49859
005 - DATE AND TIME OF LATEST TRANSACTION
control field 20260410161843.0
008 - FIXED-LENGTH DATA ELEMENTS--GENERAL INFORMATION
fixed length control field 260409a
100 1# - MAIN ENTRY--PERSONAL NAME
Personal name Torres, Ismael F.
245 10 - TITLE STATEMENT
Title Breves consideraciones relativas a las denuncias extemporáneas, en materia de faltas, en el ámbito de la jurisdicción militar
773 0# - HOST ITEM ENTRY
Title RAP
Related parts - Año 41, Nº 483 (dic. 2018)
Record control number REV5941

No hay ítems disponibles.